Cm̤o entender los costos elementales sin ser contador

Bibliographic Details
Main Author: Reveles Lp̤ez, Ricardo
Format: eBook
Language:Spanish
Published: Ciudad de Mx̌ico: Instituto Mexicano de Contadores Pb︢licos, 2018
Subjects:
Online Access:Acceso restringido

MARC

LEADER 00000nam a22000007a 4500
005 20190405231729.0
007 cr|||| ||||
008 190405s2018 mx |||||s|||| 00||0 spa d
020 |a 978-607-8552-83-2 
035 |a 23045 
040 |a vLex 
090 |c 8569  |d 8569 
100 1 |a Reveles Lp̤ez, Ricardo 
245 1 0 |a Cm̤o entender los costos elementales sin ser contador  |h [Recurso electrn̤ico] /  |c Ricardo Reveles Lp̤ez 
256 |a Servicio en ln̕ea 
260 |a Ciudad de Mx̌ico:  |b Instituto Mexicano de Contadores Pb︢licos,  |c 2018 
300 |a 1 recurso electrn̤ico 
500 |a Cm̤o entender los costos elementales sin ser contador ha sido elaborado para dar a conocer lo bs̀ico en el r̀ea de la contabilidad de costos y cubrir las necesidades de los lectores, pues es bien sabido que esta r̀ea suele ser compleja, por lo que los interesados en el tema hacen lo posible por buscar materiales con contenido como el que aqu ̕se presenta. La obra ha sido preparada de manera amigable, usando un lenguaje sencillo y sin tecnicismos que dificulten su comprensin̤. Asimismo, la forma de combinar las partes ter̤ica y prc̀tica hace que ambas sean fc̀iles de digerir en lo que respecta a los principales aspectos de la contabilidad de costos. Adems̀, aborda temas relacionados con ordenamientos legales que influyen directamente en la contabilidad de costos, tales como la Ley Federal del Trabajo, la Ley del Instituto Mexicano del Seguro Social, la Ley de Ingresos, entre otros. Por lo anterior, este texto es idn̤eo para quienes buscan entrar en el entendimiento de la contabilidad de costos y t︢il como material complementario en temas con mayores complicaciones en el aspecto prc̀tico. 
506 1 |a Disponible solo en los productos indicados  |d vLex Global  |d vLex Global (Academic Edition, excluding Law Schools)  |d vLex Global (U.S. Academic Edition, Law Schools)  |d vLex Global (U.S. Academic Edition, excluding Law Schools)  |d vLex Global (Academic Edition, Law Schools) 
650 0 4 |a Contabilidad  |z Mx̌ico 
740 0 |a vLex Libros (Servicio en ln̕ea) 
856 4 0 |u http://vlex.com/source/como-entender-los-costos-elementales-sin-ser-contador-23045  |z Acceso restringido 
942 |c BOOK 
999 0 |a Accounting